000 00818nam a2200193Ia 4500
999 _c39589
_d39589
001 6189
003 GE_BSU
005 20190621145725.0
008 181216s1979||||ge |||||||||||||| ||geo||
041 _ageo
080 _a621.1.016(075.8) გ-66
100 _aგომელაური, ვ.
_92727
245 _aტექნიკური თერმოდინამიკის საფუძვლები /
_cვ. გომელაური ; რედ : ლ. მაღულარია.
264 _aთბილისი :
_bგანათლება,
_c1979.
300 _a319 გვ .:
_bცხრ ;
_c21სმ.
653 _aტექნიკური თერმოდინამიკა
700 _aმაღულარია, რ
_eრედაქტორი
_92728
942 _cBK
_2udc